Score 0/11 Timer 02:00
0 Plays Today
Flavors % Correct
Strawberry
76.2%
Orange
71%
Raspberry
70.6%
Lime
63%
Blueberry
61.4%
Vanilla
57.7%
Watermelon
54.4%
Green Apple
47.8%
Citrus
38.2%
Black Cherry
21.8%
Cranberry
17.7%
Remove Ads.
Support Sporcle.
Get the best of Sporcle when you Go Orange. This ad-free experience offers more features, more stats, and more fun while also helping to support Sporcle. Thank you for becoming a member.

You're not logged in!

Compare scores with friends on all Sporcle quizzes.
OR
Log In

Show Comments

Extras

Created Oct 12, 2009SourceReportNominate
Tags:Flavor, Vodka

Top Quizzes Today


Score Distribution

Your Account Isn't Verified!

In order to create a playlist on Sporcle, you need to verify the email address you used during registration. Go to your Sporcle Settings to finish the process.

Report this User

Report this user for behavior that violates our Community Guidelines.

Details: